Refugio nacional de vida silvestre Curú /
Gardado en:
| Autor Principal: | |
|---|---|
| Formato: | Texto |
| Materias: | |
| Etiquetas: |
Engadir etiqueta
Sen Etiquetas, Sexa o primeiro en etiquetar este rexistro!
|
MARC
| LEADER | 00000 a a2200000 04500 | ||
|---|---|---|---|
| 001 | 18521 | ||
| 003 | |||
| 040 | |||
| 100 | |a Meza Ocampo, Tobías Alberto | ||
| 245 | |a Refugio nacional de vida silvestre Curú / |c Tobías Alberto Meza Ocampo | ||
| 650 | |a ZONAS PROTEGIDAS | ||
| 650 | |a MEDIO AMBIENTE | ||
| 650 | |a RECURSOS NATURALES | ||
| 773 | |g número 26; páginas 39-48 | ||
| 999 | |c 21800 |d 21800 | ||
